000 00941nam a2200253 i 4500
001 bg
100 1 _aKOWALÓW, Mariusz
245 1 0 _aWpływ zabezpieczeń inżynierskich na zmianę hydraulicznych warunków filtracji ze składowisk odpadów /
_cMariusz Kowalów.
260 _aSzczecin :
_bWydaw. Uczelniane PS,
_c2000.
300 _a158 s. :
_brys. ;
_c24 cm +
_eerrata.
490 1 _aPrace Naukowe Politechniki Szczecińskiej. Katedra Geotechniki,
_x0867-8154 ;
_vnr 6
500 _aNr serii gł.: 552. Streszcz. ang., niem.
504 _aBibliogr.
650 9 _aSkładowiska odpadów
_xprojekty
650 9 _aSkładowiska odpadów
_xbezpieczeństwo
650 9 _aFiltracja
_xbadanie
_xmetody
650 9 _aPrzepływ
_xhydrologia
830 0 _aPrace Naukowe Politechniki Szczecińskiej.
_pKatedra Geotechniki
040 _cBPK
041 0 _apl
080 _a628.4:556.3
942 _cKS
008 s pl f |000 0 pol
999 _c40905
_d40905
856 _uhttp://koha.tu.koszalin.pl/cgi-bin/koha/opac-detail.pl?biblionumber=40905
_yKatalog online BPK